Decretos de necesidad y urgencia (Registro nro. 3417)

Detalles MARC
000 -LEADER
fixed length control field 01251 a2200229 4500
001 - CONTROL NUMBER
control field 41198
005 - DATE AND TIME OF LATEST TRANSACTION
control field 20260407155706.0
008 - FIXED-LENGTH DATA ELEMENTS--GENERAL INFORMATION
fixed length control field 260407a1991 arg spa d
003 - CONTROL NUMBER IDENTIFIER
control field AR-UNSa-BCEJYS
040 ## - CATALOGING SOURCE
Original cataloging agency AR-UNSa-BCEJYS
Language of cataloging spa
Transcribing agency AR-UNSa-BCEJYS
080 ## - UNIVERSAL DECIMAL CLASSIFICATION NUMBER
Universal Decimal Classification number 342.515
Common auxiliary subdivision Funciones, obligaciones, prerrogativas del jefe de estado en el proceso legislativo. Derecho de iniciativa legislativa. Derecho de veto legislativo
020 ## - INTERNATIONAL STANDARD BOOK NUMBER
International Standard Book Number 950-9606-21-9
041 ## - LANGUAGE CODE
Language code of text/sound track or separate title spa
100 1# - MAIN ENTRY--PERSONAL NAME
Personal name Vítolo, Daniel Roque
245 10 - TITLE STATEMENT
Title Decretos de necesidad y urgencia
Name of part/section of a work Hacia una nueva orientación en la jurisprudencia de la Corte Suprema ; El amparo como acción impugnatoria
264 #1 - PRODUCTION, PUBLICATION, DISTRIBUTION, MANUFACTURE, AND COPYRIGHT NOTICE
Place of production, publication, distribution, manufacture Buenos Aires :
Name of producer, publisher, distributor, manufacturer AD-HOC
Date of production, publication, distribution, manufacture, or copyright notice 1991
300 ## - PHYSICAL DESCRIPTION
Extent 191 p.
Dimensions 22 cm.
505 ## - FORMATTED CONTENTS NOTE
Formatted contents note 1. El poder en el sistema democrático - 2. Emergencia y necesidad - 3. Actividad legislativa del poder ejecutivo - 4. Los decretos de necesidad y urgencia - 5. La nueva composición de la corte suprema y la doctrina de los decretos de necesidad y urgencia - 6. El amparo como via impugnatoria de los decretos de necesidad y urgencia
590 ## - LOCAL NOTE (RLIN)
Local note niveau_biblio:m niveau_hierar:0
856 41 - ELECTRONIC LOCATION AND ACCESS
Uniform Resource Identifier <a href="https://biblioeco.unsa.edu.ar/pmb/images/libros/L126429.jpg">https://biblioeco.unsa.edu.ar/pmb/images/libros/L126429.jpg</a>
Link text Imagen de portada
Electronic format type image/jpeg
942 ## - ADDED ENTRY ELEMENTS (KOHA)
Koha item type
Existencias
Withdrawn status Lost status Damaged status Not for loan Home library Current library Shelving location Date acquired Total checkouts Full call number Barcode Date last seen Price effective from Koha item type
        Biblioteca Prof. Eusebio Cleto del Rey Biblioteca Prof. Eusebio Cleto del Rey   07/04/2026   342.515 V845 L126429 07/04/2026 07/04/2026 Libro
        Biblioteca Prof. Eusebio Cleto del Rey Biblioteca Prof. Eusebio Cleto del Rey   07/04/2026   342.515 V845 L128709 07/04/2026 07/04/2026 Libro